000 004240000a22001690004500
003 LK-CoMWRAF
005 20230923073620.0
008 230817t1979 ||||| |||| 00| 0 eng d
040 _aLK-CoMWRAF
_dLK-CoMWRAF
_eLK-CoMWRAF
041 _aeng
082 _a297.8
_bSEJ
245 _aSejazah Muslimat Nahdlatul Ulama
260 _bJakarta :
_aDiterbitkan oleh,
_c1979
300 _a240p
650 _aIslam-Ulama
942 _cBK
999 _c1188
_d1188